[Event "POLFINAL MISTRZOSTW POLSKI JUNIOROW 2016 - D17"]
[Site "Centrum Kongresow i Rekreacji Orle Gniazdo ul. Wrzosowa 28a, Szczyrk"]
[Date "1899-12-30"]
[Round "1.1"]
[White "Trybowska, Barbara"]
[Black "Pluta, Natalia"]
[Result "0-1"]
[WhiteTitle "I"]
[BlackTitle "I"]
[WhiteElo "1519"]
[BlackElo "1664"]

1. e4 c5 2. Nf3 d6 3. d4 cxd4 4. Nxd4 Nf6 5. Nc3 g6 6. Be2 Bg7 7. O-O O-O 8. Nb3
Nc6 9. f4 Be6 10. Be3 Na5 11. Nd2 a6 12. Bd4 b5 13. a3 Rc8 14. f5 Bc4 15. Nxc4
Nxc4 16. Bxc4 Rxc4 17. b3 Rxd4 18. Qxd4 Qc7 19. Rac1 Nd7 20. f6 Bxf6 21. Rxf6
Nxf6 22. Nd5 Nxd5 23. Qxd5 Rc8 24. b4 Qb6+ 25. Kh1 Qe3 26. Rf1 Rf8 27. Qb7 Qxa3
28. Qxe7 Qxb4 29. h3 Qc4 30. Rf4 Qxc2 31. Qxd6 Qc4 32. h4 Qe6 33. Qd4 Qc4 34.
Qf6 h5 35. g4 Qe2 36. e5 hxg4 37. Qg5 Rc8 38. Rxg4 Qf1+ 39. Kh2 Rc2+ 40. Rg2 Qxg2+
0-1

[Event "POLFINAL MISTRZOSTW POLSKI JUNIOROW 2016 - D17"]
[Site "Centrum Kongresow i Rekreacji Orle Gniazdo ul. Wrzosowa 28a, Szczyrk"]
[Date "1899-12-30"]
[Round "1.2"]
[White "Borkowska, Zuzanna"]
[Black "Godek, Martyna"]
[Result "0-1"]
[WhiteTitle "I"]
[BlackTitle "I"]
[WhiteElo "1629"]
[BlackElo "1508"]

1. e4 e5 2. Nf3 Nc6 3. d4 exd4 4. c3 dxc3 5. Nxc3 Bb4 6. Bc4 Qe7 7. O-O Bxc3 8.
bxc3 d6 9. Ng5 Ne5 10. Bb3 h6 11. Qh5 Nf6 12. Qh4 O-O 13. Nf3 Ng6 14. Qg3 Qxe4
15. Re1 Qg4 16. Qxg4 Bxg4 17. Nd4 a6 18. h3 Bd7 19. Bd2 Rae8 20. Be3 Ne4 21. Rac1
Ne5 22. Rc2 Nc5 23. Bd5 c6 24. Bf3 Nxf3+ 25. Nxf3 Bf5 26. Rce2 Ne6 27. g4 Be4
28. Nd2 Bd3 29. Bf4 Bxe2 30. Bxd6 Bd3 31. Bxf8 Kxf8 32. Kh2 Nf4 33. Rd1 Nd5 34.
Nb1 Bc4 35. a4 Bb3 36. Rd4 Ba2 37. c4 Bxb1 38. cxd5 cxd5 39. Rxd5 Re2 40. Kg3
Rb2 41. a5 Rb5 42. Rxb5 axb5 43. Kf4 f6 44. Ke3 Ke7 45. Kd4 Kd6 46. h4 g5 47.
hxg5 hxg5 48. f3 Bc2 49. Ke3 b4 0-1

[Event "POLFINAL MISTRZOSTW POLSKI JUNIOROW 2016 - D17"]
[Site "Centrum Kongresow i Rekreacji Orle Gniazdo ul. Wrzosowa 28a, Szczyrk"]
[Date "1899-12-30"]
[Round "1.3"]
[White "Wierzbowska, Aleksandra"]
[Black "Jurkiewicz, Zuzanna"]
[Result "1-0"]
[WhiteTitle "I"]
[BlackTitle "I+"]
[WhiteElo "1488"]
[BlackElo "1628"]

1. d4 d5 2. Nc3 Nf6 3. Bg5 e6 4. e4 dxe4 5. Nxe4 Be7 6. Nc3 c6 7. g3 Nbd7 8. Bg2
O-O 9. Qd2 Nb6 10. O-O-O Nbd5 11. Nge2 Bd7 12. Bxf6 Nxf6 13. Ne4 Nd5 14. c4 Bb4
15. Qd3 Nb6 16. Nc5 Qe7 17. Nxd7 Nxd7 18. Kb1 Rfd8 19. a3 Ba5 20. Qb3 Nf6 21.
Nf4 a6 22. d5 cxd5 23. cxd5 exd5 24. Nxd5 Nxd5 25. Bxd5 Rab8 26. Qf3 b5 27. Rd3
Rf8 28. Re3 Qd6 29. Rd1 Qc5 30. Rc1 Qa7 31. Rc2 Qd7 32. Rd3 Qa7 33. Qf5 Bb6 34.
Rf3 Rbd8 35. Rc6 a5 36. Bxf7+ Qxf7 37. Qxf7+ Rxf7 38. Rxf7 Kxf7 39. Rxb6 Rd5 40.
Rb7+ Kg6 41. Kc2 Kh6 42. Rc7 b4 43. axb4 axb4 44. Rc4 Re5 45. Kd3 Rd5+ 46. Rd4
Rb5 47. f4 b3 48. Kc4 Rb7 49. Rd5 g6 50. h3 Re7 51. Rd3 g5 52. fxg5+ Kxg5 53.
Kxb3 h5 54. Kc3 Rc7+ 55. Kd2 Rf7 56. b4 Rb7 57. Kc3 Rc7+ 58. Kb3 Rb7 59. Rd5+
Kg6 60. Kc4 1-0

[Event "POLFINAL MISTRZOSTW POLSKI JUNIOROW 2016 - D17"]
[Site "Centrum Kongresow i Rekreacji Orle Gniazdo ul. Wrzosowa 28a, Szczyrk"]
[Date "1899-12-30"]
[Round "1.4"]
[White "Ziziuk, Martyna"]
[Black "Winter, Anna"]
[Result "1-0"]
[WhiteTitle "I"]
[BlackTitle "I"]
[WhiteElo "1589"]
[BlackElo "1403"]

1. c4 c6 2. Nc3 Nf6 3. d4 d5 4. cxd5 cxd5 5. Nf3 e6 6. Bf4 Nc6 7. e3 Bd6 8. Ne5
Bxe5 9. Bxe5 Nxe5 10. dxe5 Nd7 11. f4 O-O 12. g3 a6 13. Qd4 Qb6 14. Qxb6 Nxb6
15. b3 Bd7 16. O-O-O Rac8 17. Kb2 Bc6 18. Rd4 Rfd8 19. Be2 h6 20. h4 f6 21. exf6
gxf6 22. Rg1 Kf7 23. g4 e5 24. fxe5 fxe5 25. Rd2 Rd6 26. g5 hxg5 27. Rxg5 d4 28.
Bh5+ Ke7 29. exd4 exd4 30. Nd1 Rf8 31. Rg4 Bf3 32. Rg7+ Kd8 33. Bxf3 Rxf3 34.
Rxb7 Rf4 35. h5 Nd5 36. Rh7 Nc3 37. Nxc3 dxc3+ 38. Kxc3 Rf3+ 39. Kc2 Rxd2+ 40.
Kxd2 Rf2+ 41. Kc3 Rxa2 42. Ra7 Rh2 43. Rxa6 Rxh5 44. Rc6 Rh3+ 45. Kb4 Rh7 46.
Kb5 Rh5+ 47. Kb6 Rh4 48. Ka5 Rh5+ 49. Ka4 Rh4+ 50. b4 Kd7 51. Rc3 Rh1 52. b5 Ra1+
53. Kb4 Rb1+ 54. Ka5 Ra1+ 55. Kb6 Rb1 56. Ka6 Ra1+ 57. Kb7 Ra2 58. b6 Ra1 59.
Rd3+ Ke6 60. Kb8 Rc1 61. b7 Rc2 62. Ra3 Kd6 63. Ka8 1-0

[Event "POLFINAL MISTRZOSTW POLSKI JUNIOROW 2016 - D17"]
[Site "Centrum Kongresow i Rekreacji Orle Gniazdo ul. Wrzosowa 28a, Szczyrk"]
[Date "1899-12-30"]
[Round "1.5"]
[White "Walkowiak, Bogumila"]
[Black "Tkaczyk, Weronika"]
[Result "0-1"]
[WhiteTitle "II"]
[BlackTitle "I"]
[WhiteElo "1374"]
[BlackElo "1574"]

1. e4 e5 2. Nf3 Nc6 3. Bc4 Bc5 4. c3 Nf6 5. d3 d6 6. Bb3 h6 7. O-O Be6 8. Bxe6
fxe6 9. d4 exd4 10. cxd4 Bb6 11. Nc3 Qd7 12. Be3 O-O-O 13. a4 g5 14. Qd2 Qh7 15.
d5 exd5 16. exd5 Bxe3 17. Qxe3 Rde8 18. Qd2 Ne7 19. Qd4 Qf5 20. Rfd1 Kb8 21. b4
h5 22. b5 h4 23. Ne1 Nexd5 24. Nxd5 Nxd5 25. a5 Nf4 26. Qc4 Qg4 27. Qf1 Qe2 28.
Qxe2 Nxe2+ 29. Kf1 Nc3 30. Rd3 Nxb5 31. Rb1 a6 32. Nf3 Rhg8 33. Nd4 Nxd4 34. Rxd4
Ka7 35. Rc1 Rg7 36. Rdc4 c6 37. Rd1 d5 38. Rcd4 Rge7 39. h3 Re4 40. R4d3 Ra4 41.
g3 Rxa5 42. gxh4 gxh4 43. Rd4 Rh8 44. Rf4 Ra3 45. Kg2 a5 46. Rdd4 b5 47. Rxh4
Rxh4 48. Rxh4 b4 49. Rh7+ Kb6 50. h4 b3 51. h5 b2 52. Rh8 Ka6 53. Rb8 Ra4 54.
Kg3 Rb4 0-1

[Event "POLFINAL MISTRZOSTW POLSKI JUNIOROW 2016 - D17"]
[Site "Centrum Kongresow i Rekreacji Orle Gniazdo ul. Wrzosowa 28a, Szczyrk"]
[Date "1899-12-30"]
[Round "1.6"]
[White "Stochnialek, Dominika"]
[Black "Przepiora, Anna"]
[Result "1-0"]
[WhiteTitle "I"]
[BlackTitle "II+"]
[WhiteElo "1564"]
[BlackElo "1359"]

1. e4 c5 2. Nf3 a6 3. c3 Nf6 4. Bd3 Nc6 5. O-O d6 6. Bc2 Bg4 7. d3 d5 8. Qe2 e6
9. Bg5 Be7 10. Nbd2 h6 11. Bf4 Nh5 12. Bg3 Nxg3 13. fxg3 O-O 14. Qf2 b5 15. Rae1
Rc8 16. d4 cxd4 17. Nxd4 Bc5 18. N2b3 Bb6 19. Qf4 Bh5 20. e5 b4 21. Kh1 Nxd4 22.
Nxd4 bxc3 23. bxc3 Rxc3 24. Bb3 Bxd4 25. Qxd4 Qc7 26. g4 Bg6 27. Rf3 Rc1 28. Rff1
Rxe1 29. Rxe1 Rc8 30. h3 Qc5 31. Qd2 Qc3 32. Qf2 Be4 33. Qe2 a5 34. Rg1 Qxe5 35.
Qa6 Qc3 36. Qd6 Qc7 37. Qa6 Kf8 38. Qe2 Qc6 39. Qf2 Qc5 40. Qe2 Kg8 41. Qa6 Rc6
42. Qe2 Kh7 43. Rf1 Kg8 44. Qd2 Qb4 45. Qf2 Rc7 46. Qe2 a4 47. Bd1 a3 48. Bb3
Qc3 49. Qf2 Qb2 50. Qg3 Rc1 51. Rxc1 Qxc1+ 52. Kh2 Bc2 53. Bxc2 Qxc2 54. Qxa3
d4 55. Qa8+ Kh7 56. a4 d3 57. Qe4+ g6 58. a5 d2 59. Qxc2 1-0

[Event "POLFINAL MISTRZOSTW POLSKI JUNIOROW 2016 - D17"]
[Site "Centrum Kongresow i Rekreacji Orle Gniazdo ul. Wrzosowa 28a, Szczyrk"]
[Date "1899-12-30"]
[Round "1.7"]
[White "Jakubowska, Urszula"]
[Black "Pedrak, Paulina"]
[Result "1-0"]
[WhiteTitle "I"]
[BlackTitle "I"]
[WhiteElo "1319"]
[BlackElo "1546"]

1. b4 e5 2. Bb2 d6 3. e3 Be6 4. c4 f5 5. a3 Nf6 6. d4 Nbd7 7. Nf3 exd4 8. Nxd4
Qe7 9. Qf3 c6 10. Nxf5 Bxf5 11. Qxf5 g6 12. Qc2 Bh6 13. Be2 O-O 14. Bf3 Ne5 15.
Bxe5 Qxe5 16. Ra2 Nd7 17. Qb3 Qe7 18. Nd2 Ne5 19. Be2 Qg5 20. O-O Qh4 21. c5+
d5 22. Qd1 Rf5 23. Nf3 Nxf3+ 24. Bxf3 Raf8 25. Bg4 R5f6 26. g3 Qg5 27. f4 Rxf4
28. exf4 Qf6 29. Re2 Bg7 30. Re6 Qc3 31. Qf3 Qb2 32. Qe2 Qxa3 33. Re8 Bd4+ 34.
Kg2 Rxe8 35. Qxe8+ Kg7 36. Qe7+ 1-0

[Event "POLFINAL MISTRZOSTW POLSKI JUNIOROW 2016 - D17"]
[Site "Centrum Kongresow i Rekreacji Orle Gniazdo ul. Wrzosowa 28a, Szczyrk"]
[Date "1899-12-30"]
[Round "1.8"]
[White "Kalinowska, Karolina"]
[Black "Luka, Agnieszka"]
[Result "1/2-1/2"]
[WhiteTitle "I"]
[BlackTitle "II"]
[WhiteElo "1535"]
[BlackElo "1245"]

1. e4 c5 2. Nf3 d6 3. d4 cxd4 4. Nxd4 Nf6 5. Nc3 g6 6. Bc4 Bg7 7. h3 Nc6 8. Be3
Bd7 9. Bb3 Na5 10. O-O O-O 11. Qe2 Nc6 12. Rad1 a6 13. Rfe1 Qc7 14. Nxc6 Bxc6
15. Nd5 Nxd5 16. exd5 Bd7 17. Bd4 Rfe8 18. Bxg7 Kxg7 19. Rd4 Bf5 20. c3 e5 21.
dxe6 Bxe6 22. Qd2 Bxb3 23. axb3 Rxe1+ 24. Qxe1 Rd8 25. Qe3 Qd7 26. Rh4 Kg8 27.
Qh6 f6 28. Rd4 Qe6 29. Qf4 Qe1+ 30. Kh2 Qe5 31. Re4 Qxf4+ 32. Rxf4 Kf7 33. Kg3
d5 34. Rd4 Ke7 35. Kf3 b5 36. Rd1 Rd6 37. Re1+ Kf7 38. Re3 Rd7 39. Ke2 Re7 40.
Rxe7+ Kxe7 41. b4 g5 42. Ke3 Ke6 43. Kd4 Kd6 44. g3 Kc6 45. Ke3 1/2-1/2

[Event "POLFINAL MISTRZOSTW POLSKI JUNIOROW 2016 - D17"]
[Site "Centrum Kongresow i Rekreacji Orle Gniazdo ul. Wrzosowa 28a, Szczyrk"]
[Date "1899-12-30"]
[Round "2.1"]
[White "Pluta, Natalia"]
[Black "Wierzbowska, Aleksandra"]
[Result "1-0"]
[WhiteTitle "I"]
[BlackTitle "I"]
[WhiteElo "1664"]
[BlackElo "1488"]

1. c4 Nf6 2. Nc3 g6 3. g3 Bg7 4. Bg2 O-O 5. e3 d6 6. Nge2 c6 7. O-O e5 8. d4 Qa5
9. a3 Nbd7 10. b4 Qc7 11. Bb2 Nb6 12. Qb3 Be6 13. d5 cxd5 14. cxd5 Nbxd5 15. Nxd5
Nxd5 16. Rac1 Nxe3 17. Qxe3 Qe7 18. Nc3 a6 19. Nd5 Bxd5 20. Bxd5 Rad8 21. Qb6
Rd7 22. Rc2 h5 23. Rc4 Kh7 24. Rfc1 Bh6 25. R1c2 h4 26. Rxh4 f5 27. Rhc4 f4 28.
Rc7 fxg3 29. Rxd7 gxh2+ 30. Kxh2 Qxd7 31. Rc7 Rxf2+ 32. Kg1 Rf7 33. Rxd7 Rxd7
34. Bxb7 e4 35. Bxe4 Re7 36. Bxg6+ Kxg6 37. Qxd6+ 1-0

[Event "POLFINAL MISTRZOSTW POLSKI JUNIOROW 2016 - D17"]
[Site "Centrum Kongresow i Rekreacji Orle Gniazdo ul. Wrzosowa 28a, Szczyrk"]
[Date "1899-12-30"]
[Round "2.2"]
[White "Godek, Martyna"]
[Black "Ziziuk, Martyna"]
[Result "1/2-1/2"]
[WhiteTitle "I"]
[BlackTitle "I"]
[WhiteElo "1508"]
[BlackElo "1589"]

1. e4 e6 2. d4 d5 3. exd5 exd5 4. Bd3 Nf6 5. h3 Nc6 6. c3 h6 7. Qc2 Bd6 8. Ne2
O-O 9. O-O Ne7 10. Bf4 c6 11. Nd2 Be6 12. Nf3 Re8 13. Rfe1 Ne4 14. Bxd6 Nxd6 15.
Nf4 Nef5 16. Re5 Nh4 17. Nxh4 Qxh4 18. Bh7+ Kh8 19. Rxe6 Rxe6 20. Nxe6 fxe6 21.
Re1 Qf6 22. Re3 Rf8 23. Bd3 Re8 24. Qe2 Nf7 25. Qh5 Nd6 26. Rf3 Qd8 27. Qg6 Ne4
28. Rf7 Rg8 29. Bxe4 dxe4 30. Qxe6 Qg5 31. Kh2 Qd2 32. Qb3 b6 33. Rf5 Qd3 34.
Qe6 Qc2 35. Rh5 Qd2 36. Qxe4 Qxf2 37. Qxc6 Qf4+ 38. g3 Qd2+ 39. Qg2 Qd1 40. Re5
Rf8 41. Qe2 Qb1 42. b3 Rf1 43. Re8+ Kh7 44. Qe4+ Qxe4 45. Rxe4 Rf2+ 46. Kg1 Rxa2
47. Re3 Kg6 48. c4 Kf6 49. d5 Rd2 50. Kf1 b5 51. Ke1 Rd4 52. Rc3 bxc4 1/2-1/2

[Event "POLFINAL MISTRZOSTW POLSKI JUNIOROW 2016 - D17"]
[Site "Centrum Kongresow i Rekreacji Orle Gniazdo ul. Wrzosowa 28a, Szczyrk"]
[Date "1899-12-30"]
[Round "2.3"]
[White "Tkaczyk, Weronika"]
[Black "Jakubowska, Urszula"]
[Result "1-0"]
[WhiteTitle "I"]
[BlackTitle "I"]
[WhiteElo "1574"]
[BlackElo "1319"]

1. e4 e6 2. Nf3 d5 3. Nc3 Bb4 4. Qe2 Bxc3 5. bxc3 dxe4 6. Qxe4 Nf6 7. Qh4 c6 8.
Bb2 O-O 9. Bd3 h6 10. c4 Nbd7 11. O-O Nh7 12. Qg3 Ng5 13. Kh1 Nxf3 14. Qxg7# 1-0

[Event "POLFINAL MISTRZOSTW POLSKI JUNIOROW 2016 - D17"]
[Site "Centrum Kongresow i Rekreacji Orle Gniazdo ul. Wrzosowa 28a, Szczyrk"]
[Date "1899-12-30"]
[Round "2.4"]
[White "Kulec, Gabriela"]
[Black "Stochnialek, Dominika"]
[Result "0-1"]
[WhiteTitle "II"]
[BlackTitle "I"]
[WhiteElo "1150"]
[BlackElo "1564"]

1. c4 e5 2. Nc3 Nf6 3. Nf3 Nc6 4. g3 d5 5. cxd5 Nxd5 6. Bg2 Be7 7. d3 O-O 8. O-O
Re8 9. Bd2 Nb6 10. Qc2 Nd4 11. Qd1 Bf8 12. Be1 Bg4 13. Nxd4 exd4 14. Ne4 f5 15.
f3 Bh5 16. Nd2 Nd5 17. Bf2 Ne3 18. Qb3+ Bf7 19. Qxb7 Nxf1 20. Kxf1 Rb8 21. Qxa7
Rxb2 22. Rd1 c5 23. f4 Rxa2 24. Qb7 Re7 25. Qb5 Re6 0-1

[Event "POLFINAL MISTRZOSTW POLSKI JUNIOROW 2016 - D17"]
[Site "Centrum Kongresow i Rekreacji Orle Gniazdo ul. Wrzosowa 28a, Szczyrk"]
[Date "1899-12-30"]
[Round "2.5"]
[White "Jurkiewicz, Zuzanna"]
[Black "Kalinowska, Karolina"]
[Result "1-0"]
[WhiteTitle "I+"]
[BlackTitle "I"]
[WhiteElo "1628"]
[BlackElo "1535"]

1. e4 e6 2. d4 d5 3. e5 c5 4. c3 Nc6 5. Nf3 Bd7 6. a3 f6 7. exf6 Nxf6 8. b4 cxd4
9. cxd4 Rc8 10. Bd3 Bd6 11. O-O O-O 12. Re1 Qb6 13. Qd2 Nxb4 14. Nc3 Nxd3 15.
Qxd3 Qc7 16. Bd2 Bf4 17. Rec1 Qd6 18. Re1 Ng4 19. Bxf4 Qxf4 20. Ne2 Qd6 21. Ng3
Rc4 22. h3 Nh6 23. Re5 Nf5 24. Nxf5 Rxf5 25. Rxf5 exf5 26. Ne5 Ra4 27. Qe3 Bb5
28. Qc3 Bc6 29. Qd3 g6 30. Qe3 Kg7 31. h4 Qf6 32. g3 Ra6 33. Kg2 Ra4 34. Rb1 Qe7
35. Nxc6 Qxe3 36. Rxb7+ Kf6 37. fxe3 Rxa3 38. Kf3 a5 39. Rxh7 a4 40. Ra7 Ra1 41.
Nb4 a3 42. Ra6+ Kf7 43. Kf2 Rb1 44. Nxd5 Rb2+ 45. Kf3 a2 46. Nc3 Kg7 47. Rxa2
Rb3 48. Nd5 Rb5 49. Ra7+ 1-0

[Event "POLFINAL MISTRZOSTW POLSKI JUNIOROW 2016 - D17"]
[Site "Centrum Kongresow i Rekreacji Orle Gniazdo ul. Wrzosowa 28a, Szczyrk"]
[Date "1899-12-30"]
[Round "2.6"]
[White "Luka, Agnieszka"]
[Black "Borkowska, Zuzanna"]
[Result "0-1"]
[WhiteTitle "II"]
[BlackTitle "I"]
[WhiteElo "1245"]
[BlackElo "1629"]

1. d4 d5 2. c4 e6 3. cxd5 exd5 4. Nc3 c5 5. Nf3 Nc6 6. Bf4 Nf6 7. e3 a6 8. Bg5
c4 9. Bxf6 gxf6 10. g3 b5 11. a3 Bf5 12. Nh4 Be6 13. Bg2 b4 14. Ne2 bxa3 15. bxa3
Qa5+ 16. Qd2 Bb4 17. axb4 Qxa1+ 0-1

[Event "POLFINAL MISTRZOSTW POLSKI JUNIOROW 2016 - D17"]
[Site "Centrum Kongresow i Rekreacji Orle Gniazdo ul. Wrzosowa 28a, Szczyrk"]
[Date "1899-12-30"]
[Round "2.7"]
[White "Pedrak, Paulina"]
[Black "Walkowiak, Bogumila"]
[Result "1/2-1/2"]
[WhiteTitle "I"]
[BlackTitle "II"]
[WhiteElo "1546"]
[BlackElo "1374"]

1. e4 e5 2. Nf3 Nc6 3. Bb5 a6 4. Ba4 Nf6 5. O-O b5 6. Bb3 Be7 7. Re1 d6 8. h3 Na5
9. c3 Nxb3 10. axb3 c5 11. d4 Qc7 12. d5 O-O 13. Nbd2 Bd7 14. Nf1 Rfc8 15. Ng3
Bf8 16. Bg5 Ne8 17. Qc2 f6 18. Be3 Qd8 19. Qe2 Qe7 20. Nh4 g6 21. Nf3 Bg7 22.
Qd2 a5 23. h4 Nc7 24. Bh6 Bxh6 25. Qxh6 Qg7 26. Qd2 Rf8 27. h5 Bg4 28. h6 Qe7
29. Nh2 Bd7 30. f4 exf4 31. Qxf4 Qe5 32. Qe3 f5 33. exf5 Qxe3+ 34. Rxe3 Bxf5 35.
Rd1 Rae8 36. Rxe8 Nxe8 37. Nhf1 Nc7 38. Ne3 Bc8 39. c4 Re8 40. Ngf1 Ba6 41. cxb5
Bxb5 42. Ng4 Kf7 43. Nfe3 Be2 44. Ra1 Bxg4 45. Nxg4 Rg8 46. Kf2 Ke7 47. Ke2 Kd7
48. Ne3 Re8 49. Kf2 Re5 50. Rd1 Rh5 51. Ng4 Rf5+ 52. Kg3 Nxd5 53. Rd3 Nb4 54.
Re3 Nc6 55. Rc3 Kc8 56. Rd3 Nd4 57. Re3 Kd7 58. Re4 Ne6 59. Ra4 Nd4 60. Kh2 Rh5+
61. Kg1 Rh4 62. Rxa5 Rxg4 63. Ra7+ Ke6 64. Rxh7 Rh4 65. g3 Rh5 1/2-1/2

[Event "POLFINAL MISTRZOSTW POLSKI JUNIOROW 2016 - D17"]
[Site "Centrum Kongresow i Rekreacji Orle Gniazdo ul. Wrzosowa 28a, Szczyrk"]
[Date "1899-12-30"]
[Round "2.8"]
[White "Winter, Anna"]
[Black "Trybowska, Barbara"]
[Result "0-1"]
[WhiteTitle "I"]
[BlackTitle "I"]
[WhiteElo "1403"]
[BlackElo "1519"]

1. e4 e5 2. Nf3 Nc6 3. Bc4 Bc5 4. d3 h6 5. c3 d6 6. h3 Nf6 7. Bb3 Be6 8. Bc2 Qe7
9. Nbd2 O-O-O 10. Qe2 g5 11. g4 Rdg8 12. Nf1 h5 13. Nxg5 hxg4 14. Nxe6 fxe6 15.
h4 Rh7 16. Ng3 Nh5 17. Bg5 Nxg3 18. fxg3 Rxg5 19. O-O-O Rg8 20. Rhf1 Nb8 21. Bb3
Nd7 22. Kb1 Nf6 23. Qd2 Nh5 24. Qg2 Rgg7 25. Rde1 Rf7 26. a3 Rxf1 27. Rxf1 Rf7
28. Rxf7 Qxf7 29. Bd1 Qg7 30. Kc2 Kd7 31. Be2 Nf6 32. Bd1 Qh6 33. Qf1 Ke7 34.
Be2 Qe3 35. Qg2 Qf2 36. Qxf2 Bxf2 0-1

[Event "POLFINAL MISTRZOSTW POLSKI JUNIOROW 2016 - D17"]
[Site "Centrum Kongresow i Rekreacji Orle Gniazdo ul. Wrzosowa 28a, Szczyrk"]
[Date "1899-12-30"]
[Round "3.1"]
[White "Stochnialek, Dominika"]
[Black "Pluta, Natalia"]
[Result "0-1"]
[WhiteTitle "I"]
[BlackTitle "I"]
[WhiteElo "1564"]
[BlackElo "1664"]

1. e4 c5 2. Nf3 Nc6 3. d4 cxd4 4. Nxd4 g6 5. Nc3 Bg7 6. Be3 Nf6 7. Be2 O-O 8. O-O
d6 9. Qd2 Ng4 10. Bxg4 Bxg4 11. f4 Bd7 12. f5 Ne5 13. Qe2 Rc8 14. Rad1 Nc4 15.
Bc1 Qb6 16. Qf2 Bc6 17. b3 Ne5 18. Nxc6 Qxf2+ 19. Rxf2 bxc6 20. Ne2 Rb8 21. c4
a5 22. Nd4 a4 23. Bf4 Rb6 24. Rc2 Nd7 25. Be3 Bxd4 26. Bxd4 axb3 27. axb3 c5 28.
Bc3 gxf5 29. exf5 Rxb3 30. f6 Nxf6 31. Bxf6 exf6 32. Rxd6 Re8 33. Rxf6 Re5 34.
Kf2 Kg7 35. Rf3 Rb4 36. Rf4 f5 37. g3 Kf6 38. Rh4 Kg6 39. Rf4 Re4 40. Kf3 Rb3+
41. Kf2 Rxf4+ 42. gxf4 Kh5 43. Ra2 Rc3 44. Ra7 h6 45. Rf7 Kg4 46. Rh7 h5 47. h3+
Kxh3 48. Rxh5+ Kg4 49. Rh8 Rxc4 50. Ke3 Re4+ 51. Kd3 c4+ 52. Kc3 Kxf4 53. Rg8
Kf3 54. Rg5 f4 55. Kd2 Re3 56. Rg1 c3+ 57. Kc2 Kf2 58. Rh1 Kg2 59. Rh6 f3 60.
Rg6+ Kf1 61. Kd1 Re2 62. Kc1 f2 63. Rd6 c2 64. Rd2 0-1

[Event "POLFINAL MISTRZOSTW POLSKI JUNIOROW 2016 - D17"]
[Site "Centrum Kongresow i Rekreacji Orle Gniazdo ul. Wrzosowa 28a, Szczyrk"]
[Date "1899-12-30"]
[Round "3.2"]
[White "Ziziuk, Martyna"]
[Black "Tkaczyk, Weronika"]
[Result "1-0"]
[WhiteTitle "I"]
[BlackTitle "I"]
[WhiteElo "1589"]
[BlackElo "1574"]

1. c4 e6 2. d4 d5 3. cxd5 Qxd5 4. Nc3 Qd8 5. Nf3 c5 6. dxc5 Qxd1+ 7. Nxd1 Bxc5
8. e3 Nf6 9. Bd3 Nc6 10. a3 Ke7 11. O-O Rd8 12. Bc2 b6 13. b4 Bd6 14. Bb2 b5 15.
e4 e5 16. Ne3 Nd4 17. Bxd4 exd4 18. Nd5+ Nxd5 19. exd5 Kf8 20. Rfe1 Be7 21. Rad1
Rxd5 22. Be4 Bb7 23. Bxd5 Bxd5 24. Nxd4 Rb8 25. Rc1 Bf6 26. Nxb5 Be6 27. Nc7 Bb2
28. Nxe6+ fxe6 29. Rb1 Bxa3 30. Rxe6 Rxb4 31. Rxb4 Bxb4 32. Ra6 Bc5 33. Kf1 Bb6
34. Ke2 Ke7 35. f3 Ke6 36. Kd3 Kd5 37. Ra4 a5 38. Kc3 h6 39. Kb3 Bc7 40. Rg4 g5
41. h4 Bf4 42. hxg5 hxg5 43. g3 Bd2 44. Re4 Bb4 45. Ka4 Bd2 46. Re2 Bb4 47. f4
gxf4 48. gxf4 Bd6 49. f5 Be5 50. Kxa5 Kd6 51. Kb6 Bg7 52. Kb5 Be5 53. Kc4 Bg7
54. Re6+ Kd7 55. Kd5 Bf8 56. f6 1-0

[Event "POLFINAL MISTRZOSTW POLSKI JUNIOROW 2016 - D17"]
[Site "Centrum Kongresow i Rekreacji Orle Gniazdo ul. Wrzosowa 28a, Szczyrk"]
[Date "1899-12-30"]
[Round "3.3"]
[White "Trybowska, Barbara"]
[Black "Godek, Martyna"]
[Result "1/2-1/2"]
[WhiteTitle "I"]
[BlackTitle "I"]
[WhiteElo "1519"]
[BlackElo "1508"]

1. e4 e5 2. Nf3 Nc6 3. Bb5 Bc5 4. d3 Nge7 5. Be3 Bb6 6. c3 O-O 7. Nbd2 d5 8. Bxc6
Nxc6 9. O-O Bg4 10. h3 Bh5 11. Bxb6 axb6 12. Qb3 d4 13. cxd4 Nxd4 14. Nxd4 Qxd4
15. g4 Bg6 16. Nf3 Qd6 17. Nh4 Kh8 18. a3 Rad8 19. Rad1 Qf6 20. Nxg6+ Qxg6 21.
Qc3 Qd6 22. Rd2 c5 23. Rc1 Rd7 24. Qb3 Qh6 25. Qd1 Qxh3 26. f3 Rd6 27. Qf1 Qxf1+
28. Kxf1 Rfd8 29. Ke2 Kg8 30. Ke3 Kf8 31. Rh1 h6 32. Rc1 Ke7 33. Rc4 Rd4 34. Rc3
Kd6 35. Rdc2 Ke6 36. Rb3 R8d6 37. Rbc3 Ke7 38. Rc1 Ke6 39. R1c2 Ke7 40. Rc1 Ke6
41. R1c2 Ke7 1/2-1/2

[Event "POLFINAL MISTRZOSTW POLSKI JUNIOROW 2016 - D17"]
[Site "Centrum Kongresow i Rekreacji Orle Gniazdo ul. Wrzosowa 28a, Szczyrk"]
[Date "1899-12-30"]
[Round "3.4"]
[White "Przepiora, Anna"]
[Black "Borkowska, Zuzanna"]
[Result "0-1"]
[WhiteTitle "II+"]
[BlackTitle "I"]
[WhiteElo "1359"]
[BlackElo "1629"]

1. e4 c5 2. Nf3 Nc6 3. d4 cxd4 4. Nxd4 g6 5. Nc3 Bg7 6. Be3 Nf6 7. Bc4 d6 8. f3
O-O 9. Qd2 Re8 10. g4 Ne5 11. Bb3 a6 12. Nd5 Nxd5 13. Bxd5 Qb6 14. c3 Qxd4 15.
cxd4 Nxf3+ 16. Ke2 Nxd2 17. Kxd2 Bxg4 18. Rhf1 Be6 19. Bxb7 Rab8 20. Bxa6 Rxb2+
21. Kc3 Rxa2 22. Rxa2 Bxa2 23. Ra1 Be6 24. Bb5 Rc8+ 25. Kd3 f5 26. Bg5 fxe4+ 27.
Kxe4 Bf5+ 28. Kd5 Kf7 29. Ra7 Bf6 30. Bf4 Be6+ 31. Ke4 d5+ 32. Ke3 Rc3+ 33. Kd2
Bxd4 34. Ra8 Rc8 35. Ra3 Bf5 0-1

[Event "POLFINAL MISTRZOSTW POLSKI JUNIOROW 2016 - D17"]
[Site "Centrum Kongresow i Rekreacji Orle Gniazdo ul. Wrzosowa 28a, Szczyrk"]
[Date "1899-12-30"]
[Round "3.5"]
[White "Jakubowska, Urszula"]
[Black "Jurkiewicz, Zuzanna"]
[Result "0-1"]
[WhiteTitle "I"]
[BlackTitle "I+"]
[WhiteElo "1319"]
[BlackElo "1628"]

1. b4 e5 2. Bb2 Bxb4 3. Bxe5 Nf6 4. e3 O-O 5. Nf3 Re8 6. Be2 d5 7. c3 Bc5 8. Bxf6
Qxf6 9. d4 Bd6 10. Bd3 Bg4 11. Nbd2 Nd7 12. Qb3 Nb6 13. a4 a5 14. Qb1 h6 15. h3
Bd7 16. Bb5 Bf5 17. Bd3 Bxd3 18. Qxd3 Re6 19. O-O Qe7 20. Rfb1 Rg6 21. c4 dxc4
22. Nxc4 Nxc4 23. Qxc4 Qe4 24. Rc1 Qxf3 25. Qf1 Qxh3 0-1

[Event "POLFINAL MISTRZOSTW POLSKI JUNIOROW 2016 - D17"]
[Site "Centrum Kongresow i Rekreacji Orle Gniazdo ul. Wrzosowa 28a, Szczyrk"]
[Date "1899-12-30"]
[Round "3.6"]
[White "Wierzbowska, Aleksandra"]
[Black "Kulec, Gabriela"]
[Result "1-0"]
[WhiteTitle "I"]
[BlackTitle "II"]
[WhiteElo "1488"]
[BlackElo "1150"]

1. d4 d5 2. c4 e6 3. Nc3 Be7 4. e4 dxe4 5. Nxe4 c6 6. Nc3 Nf6 7. Nf3 b6 8. Bf4
Bb7 9. Be2 c5 10. Nb5 Na6 11. dxc5 Bxc5 12. Bd6 Ne4 13. Bxc5 bxc5 14. Qxd8+ Kxd8
15. Ne5 Ke7 16. Bf3 f6 17. Ng4 Nd6 18. Bxb7 Nxb7 19. O-O-O Nb4 20. a3 Nc6 21.
Rhe1 Rac8 22. Ne3 Nd4 23. Nxd4 cxd4 24. Rxd4 Rhd8 25. Rxd8 Kxd8 26. b4 Nd6 27.
Rd1 Kc7 28. Kb2 Kc6 29. f3 Rb8 30. Kc3 a6 31. a4 g5 32. c5 Nf7 33. Nc4 h5 34.
Rd2 h4 35. h3 f5 36. Re2 Kd5 37. Nb6+ Kc6 38. Rxe6+ Kc7 39. Re7+ Kc6 40. Rxf7
a5 41. b5+ Kxc5 42. Nd7+ 1-0

[Event "POLFINAL MISTRZOSTW POLSKI JUNIOROW 2016 - D17"]
[Site "Centrum Kongresow i Rekreacji Orle Gniazdo ul. Wrzosowa 28a, Szczyrk"]
[Date "1899-12-30"]
[Round "3.7"]
[White "Kalinowska, Karolina"]
[Black "Pedrak, Paulina"]
[Result "1/2-1/2"]
[WhiteTitle "I"]
[BlackTitle "I"]
[WhiteElo "1535"]
[BlackElo "1546"]

1. e4 c5 2. Nf3 e6 3. d4 cxd4 4. Nxd4 a6 5. Nc3 Qc7 6. Bd3 Nf6 7. O-O Nc6 8. Be3
Bd6 9. h3 b5 10. Qd2 Bb7 11. Rae1 O-O 12. f4 Nxd4 13. Bxd4 Bc5 14. Qf2 Bxd4 15.
Qxd4 Rac8 16. Qf2 d6 17. Qh4 Qc5+ 18. Kh1 Qh5 19. Qg3 Rfd8 20. e5 Ne8 21. f5 exf5
22. Rxf5 Qh6 23. Ref1 Rc7 24. R5f4 g6 25. Rh4 Qg7 26. Qg5 Rdc8 27. exd6 Nxd6 28.
Nd5 Bxd5 29. Qxd5 Nc4 30. Bxc4 Rxc4 31. Rxc4 bxc4 32. Qb7 Rf8 33. Qxa6 Qxb2 34.
Qxc4 Qb7 35. a4 Rc8 36. Qd3 Qc6 37. Qb3 Qc4 38. Rf3 Rc7 39. Qb8+ Rc8 40. Qb3 Rc7
41. a5 Qxc2 42. Qxc2 Rxc2 43. Ra3 Rc7 44. a6 Ra7 45. Kg1 f5 46. Kf2 Kf7 47. Kf3
Kf6 48. h4 h6 49. Ra5 Ke6 50. Kf4 Kf6 51. g3 Ke6 52. Ke3 Kd6 53. Kd4 h5 54. Rd5+
Ke6 55. Re5+ Kd6 56. Ra5 1/2-1/2